00329nam a22001097a 4500082002600000100002200026245006300048260004000111300001000151650002100161650003700182 aPKP A72 V212/Ind/Pt-2 aRavi and Vajiram  aGeneral studies Indian polity part-2cby Ravi and Vajiram  aNew Delhi bRavi and Vajiram c2022 a260p. aGeneral studies  aIndia - Politics and government